The Blue Economy (Record no. 27405)

000 -LEADER
fixed length control field 04713nam a22005775i 4500
001 - CONTROL NUMBER
control field 978-3-030-96519-8
003 - CONTROL NUMBER IDENTIFIER
control field DE-He213
005 - DATE AND TIME OF LATEST TRANSACTION
control field 20240716161437.0
006 - FIXED-LENGTH DATA ELEMENTS--ADDITIONAL MATERIAL CHARACTERISTICS
fixed length control field a|||||o|||| 00| 0
007 - PHYSICAL DESCRIPTION FIXED FIELD--GENERAL INFORMATION
fixed length control field cr nn 008mamaa
008 - FIXED-LENGTH DATA ELEMENTS--GENERAL INFORMATION
fixed length control field 221013s2022 sz | s |||| 0|eng d
020 ## - INTERNATIONAL STANDARD BOOK NUMBER
International Standard Book Number 9783030965198
024 7# - OTHER STANDARD IDENTIFIER
Standard number or code 10.1007/978-3-030-96519-8
Source of number or code doi
040 ## - CATALOGING SOURCE
Transcribing agency imu-kc
050 #4 - LIBRARY OF CONGRESS CALL NUMBER
Classification number GC1-1581
072 #7 - SUBJECT CATEGORY CODE
Subject category code RBKC
Source bicssc
Subject category code SCI052000
Source bisacsh
Subject category code RBKC
Source thema
082 04 - DEWEY DECIMAL CLASSIFICATION NUMBER
Classification number 551.46
Edition number 23
245 14 - TITLE STATEMENT
Title The Blue Economy
Medium [electronic resource] :
Remainder of title An Asian Perspective /
Statement of responsibility, etc. edited by Somnath Hazra, Anindya Bhukta.
250 ## - EDITION STATEMENT
Edition statement 1st ed. 2022.
264 #1 - PRODUCTION, PUBLICATION, DISTRIBUTION, MANUFACTURE, AND COPYRIGHT NOTICE
Place of production, publication, distribution, manufacture Cham :
Name of producer, publisher, distributor, manufacturer Springer International Publishing :
-- Imprint: Springer,
Date of production, publication, distribution, manufacture, or copyright notice 2022.
300 ## - PHYSICAL DESCRIPTION
Extent XVI, 338 p. 35 illus., 29 illus. in color.
Other physical details online resource.
336 ## - CONTENT TYPE
Content type term text
Content type code txt
Source rdacontent
337 ## - MEDIA TYPE
Media type term computer
Media type code c
Source rdamedia
338 ## - CARRIER TYPE
Carrier type term online resource
Carrier type code cr
Source rdacarrier
347 ## - DIGITAL FILE CHARACTERISTICS
File type text file
Encoding format PDF
Source rda
505 0# - FORMATTED CONTENTS NOTE
Formatted contents note Chapter 1: Blue Economy: An overview -- Chapter 2: Advancement of Science and Technology: Future prospect of Blue Economy -- Chapter 3: Marine Ecosystem Services: Viewing from a Sustainable Management Approach -- Chapter 4: Commerce and trade of marine-based industries in a blue economy -- Chapter 5: Role and Prospect of Marine biotechnology in a blue economy -- Chapter 6: Powering the Blue Economy: An Assessment of Marine Renewable Energies -- Chapter 7: Operationalizing of Ocean wealth : Contribution of Fisheries, Edible and Non-edible seafood and aquaculture -- Chapter 8: Desalinisation of ocean water: How far does it contribute to the blue economy -- Chapter 9: Ocean as a repository for waste: An Assessment -- Chapter 10: Role of Blue Carbon in the protection and restoration of marine ecosystems -- Chapter 11: Conservation and Protection of Marine Biodiversity: Assessing the role of blue economy -- Chapter 12: Multifacet role of mangroves in the blue economy and its assessment -- Chapter 13:Tourism and recreation: Valuing its role in the blue economy -- Chapter 14: Monitoring the Health of Blue Ecosystems -- Chapter 15: Climate Change and induced impact on Blue Economy -- Chapter 16: Coastal Urbanisation: Challenges towards a sustainable blue economy -- Chapter 17: Present Status of ocean and International maritime regulations -- Chapter 18: Issues in designing future marine policy in regard to oceans governance and integrated Ocean management.
520 ## - SUMMARY, ETC.
Summary, etc. This volume defines and analyzes the Blue Economy, a system that encompasses all the economic activities which are happening in and around the ocean within a sustainable development framework, with focus on countries in Asia. This work is timely, as Blue Economy activities account for a significant share of GDPs in the island and coastal economies in the Asia region, sustaining the livelihoods of one of the largest sections of the world's population. This book, therefore, assesses how the Blue Economy contributes to these livelihoods from economic and ecological perspectives and analyzes the various types of ecosystem services provided, and how these services are regulated and maintained. While most studies of the Blue Economy focus only on the economic aspects, this book provides ample statistical data to demonstrate why ecosystem services should additionally be considered for the estimation and valuation of the Blue economy. The book is primarily meant for researchers, students, and teachers in the fields of environmental and ocean economics, sustainable development, and ecosystem services, and will be of further interest to policymakers and government officials working in matters related to the Blue Economy and sustainability policy. .
650 #0 - SUBJECT ADDED ENTRY--TOPICAL TERM
Topical term or geographic name entry element Oceanography.
Topical term or geographic name entry element Environmental economics.
Topical term or geographic name entry element Sustainability.
Topical term or geographic name entry element Economic geography.
Topical term or geographic name entry element Biotic communities.
Topical term or geographic name entry element Ocean Sciences.
Topical term or geographic name entry element Environmental Economics.
Topical term or geographic name entry element Sustainability.
Topical term or geographic name entry element Economic Geography.
Topical term or geographic name entry element Ecosystems.
700 1# - ADDED ENTRY--PERSONAL NAME
Personal name Hazra, Somnath.
Relator term editor.
Relationship edt
-- http://id.loc.gov/vocabulary/relators/edt
Personal name Bhukta, Anindya.
Relator term editor.
Relationship edt
-- http://id.loc.gov/vocabulary/relators/edt
710 2# - ADDED ENTRY--CORPORATE NAME
Corporate name or jurisdiction name as entry element SpringerLink (Online service)
773 0# - HOST ITEM ENTRY
Title Springer Nature eBook
776 08 - ADDITIONAL PHYSICAL FORM ENTRY
Relationship information Printed edition:
International Standard Book Number 9783030965181
Relationship information Printed edition:
International Standard Book Number 9783030965204
Relationship information Printed edition:
International Standard Book Number 9783030965211
856 40 - ELECTRONIC LOCATION AND ACCESS
Uniform Resource Identifier <a href="https://doi.org/10.1007/978-3-030-96519-8">https://doi.org/10.1007/978-3-030-96519-8</a>
942 ## - ADDED ENTRY ELEMENTS (KOHA)
Source of classification or shelving scheme
Koha item type E-Book

No items available.

Designed and Maintained by IMU-KC Library, Kolkata Campus © Copyright All Rights Reserved

webs counters

Powered by Koha